000 00635nam a2200205 a 4500
001 000010984
005 20240412074222.0
008 091013s1992 dr 000 p spa d
040 _aDO-SdBNP
_bspa
_cBNPHU
082 _aRD861.44
_bP426et
100 1 _aPeralta, Ramón
_926400
245 1 0 _aEternidades /
_cPeralta, Ramón.
260 _aSanto Domingo :
_bImposibles,
_c1992.
300 _a64 p. ;
_c20 cm.
500 _aIncluye datos bibliográficos del autor : p. 61
590 _aInventariado, 2018 / DG
650 0 _aPoesía dominicana
_966
650 0 _aLiteratura dominicana.
_967
910 _aValidado. Control de calidad MFF
999 _c10722
_d10722